La hojarasca

Kaydedildi:
Detaylı Bibliyografya
Yazar: García Márquez, Gabriel (Yazar)
Materyal Türü: Kitap
Dil:İspanyolca
Baskı/Yayın Bilgisi: Buenos Aires Sudamericana 1992
Edisyon:21a. ed
Konular:
Etiketler: Etiketle
Etiket eklenmemiş, İlk siz ekleyin!

MARC

LEADER 00000nam a2200000 a 4500
001 UCH3791
003 CL-VaPUC
008 090818e19920000AG |||||||||||||||||spa|d
082 0 4 |a Co863  |b GAR  |2 21 
100 0 |a García Márquez, Gabriel  |e author  |9 318478 
245 1 3 |a La hojarasca 
250 |a 21a. ed 
300 |a 183 p 
942 |c BK 
945 |d 20090818 00:00:00  |a lazolas 
260 |a Buenos Aires  |b Sudamericana  |c 1992 
650 0 |a Novelas colombianas  |9 266734 
583 |a last modification  |c 20090818 00:00:00  |k Rodrigo Vera 
999 |c 335222  |d 335220